00436nam a2200133 a 450000500170000000800410001702000180005805000250007610000150010124500740011626000540019030000170024465000410026120140412111250.0030411s19uu xx 00 eng d a0-7214-3238-7 aTR(GS 428bH623 1991 aHiatt, Kay aMore fun with English. /cby Kat Hiatt ; illustrated by Claire James. aLeicestershire, UK :bLadybirds Books Ltd,c1991. a24 p. ; ill. aEnglish language--Study and teaching